Language Quiz

Random Language or Spanish Quiz
Score 0/11 Timer 01:00
0 Plays Today
hint % Correct
rojored
100%
cafebrown
96.2%
moradopurple
90.4%
verdegreen
90.4%
anaranjadoorange
90.4%
negroblack
90.4%
blancowhite
86.5%
azulblue
86.5%
rosadopink
86.5%
amarilloyellow
84.6%
grisgray
82.7%
Remove Ads.
Support Sporcle.
Get the best of Sporcle when you Go Orange. This ad-free experience offers more features, more stats, and more fun while also helping to support Sporcle. Thank you for becoming a member.

You're not logged in!

Compare scores with friends on all Sporcle quizzes.
OR
Log In

Show Comments

Extras

Created Jan 12, 2013ReportNominate
Tags:Color Quiz, Spanish Quiz

Top Quizzes Today


Score Distribution

Your Account Isn't Verified!

In order to create a playlist on Sporcle, you need to verify the email address you used during registration. Go to your Sporcle Settings to finish the process.

Report this User

Report this user for behavior that violates our Community Guidelines.

Details: